000 00428 a2200121 4500
020 _a5256000675
920 _a5-256-00067-5
100 1 _aMakarov, S.B..
_eAutor
700 1 _aCikin, I.A..
_eAutor
245 0 _aPeredaca diskretnych soobscenij po radiokanalam s ogranicennoj polosoj propuskanija /
_cMakarov S.B., Cikin I.A..
710 2 _aRadio i Svjaz'.
_eWydawca
_4pbl
260 _aMoskva :
_bRadio i Svjaz',
_c1988.
300 _a304 s.:
_bil.;
_c22 cm.
999 _c7387
_d7387